Statistics for German Grammar Quiz

Click here to take the quiz!

General Stats

  • This quiz has been taken 24 times
  • The average score is 29 of 48

Answer Stats

Answer% Correct
Der
100%
Gut{e}
100%
Das
95%
Die
95%
Gut{en}
89%
Gut{er}
89%
Dem
84%
Den
84%
Des
79%
Gut{em}
79%
Gut{es}
79%
Ein
74%
Eine
74%
Einem
68%
Einen
68%
Einer
68%
Eines
68%
K{eine}
63%
Kind{es}
63%
Mann{es}
63%
Äpfel{n}
58%
Du
58%
Er
58%
Ich
58%
K{einen}
58%
Sie
58%
Ihr
53%
K{einer}
53%
Mich
53%
Wir
53%
Dich
47%
Es
47%
Mir
47%
Spiel{e}
47%
Dein
42%
Dir
42%
{ge}spiel{t}
42%
Ihn
42%
Mein
42%
Sein
42%
Spiel{en}
42%
Spiel{st}
42%
Spiel{t}
42%
Uns
42%
Euch
37%
Ihm
37%
Ihnen
32%
Euer
21%

Score Distribution

Percentile by Number Answered

Percent of People with Each Score

Your Score History

You have not taken this quiz